[Event "Torneo FIDE"]
[Site "Taormina ITA"]
[Date "2002.11.21"]
[Round "8"]
[White "Ljubisavljevic, Zivojin Z."]
[Black "Cappadona, Salvatore"]
[Result "1-0"]
[WhiteElo "2288"]
[BlackElo "2192"]
[PlyCount "103"]
[EventDate "2002.11.15"]

1. e4 d6 2. d4 Nf6 3. Nc3 g6 4. f4 Bg7 5. Nf3 O-O 6. e5 dxe5 7. fxe5 Nd5 8. Ne4
Bg4 9. h3 Bxf3 10. Qxf3 Nb4 11. Qe2 N8c6 12. c3 Nd5 13. Bd2 Nb6 14. Nc5 Qd5 15.
Qf3 Bxe5 16. O-O-O Qxf3 17. gxf3 Bg7 18. Nxb7 e5 19. Bb5 Ne7 20. dxe5 a6 21.
Bd3 Bxe5 22. Rhe1 Bf6 23. Nc5 Rfd8 24. Kc2 a5 25. a3 Nd7 26. Nxd7 Rxd7 27. Be4
Rad8 28. Bf4 c6 29. Rxd7 Rxd7 30. Rd1 Rxd1 31. Kxd1 Nd5 32. Bxd5 cxd5 33. Kc2
Bd8 34. a4 Kf8 35. Kd3 Bb6 36. Be3 Bc7 37. Bc5+ Ke8 38. Kd4 Kd7 39. Kxd5 f5 40.
b4 g5 41. Be3 Bd8 42. b5 h5 43. c4 h4 44. c5 g4 45. fxg4 fxg4 46. hxg4 h3 47.
Bg1 Bc7 48. g5 h2 49. Bxh2 Bxh2 50. g6 Ke7 51. g7 Kf7 52. b6 1-0

[Event "Torneo FIDE"]
[Site "Taormina ITA"]
[Date "2002.11.21"]
[Round "8"]
[White "Tomescu, Vlad"]
[Black "Pircher, Karl"]
[Result "1-0"]
[WhiteElo "2432"]
[BlackElo "2058"]
[PlyCount "43"]
[EventDate "2002.11.15"]

1. c4 e6 2. d4 d5 3. Nc3 Be7 4. Nf3 Nf6 5. Bf4 O-O 6. e3 c5 7. dxc5 Bxc5 8. a3
Nc6 9. Be2 dxc4 10. Bxc4 Qe7 11. b4 Rd8 12. Qb3 Bb6 13. O-O e5 14. Bg3 Bg4 15.
Nd5 Nxd5 16. Bxd5 Bxf3 17. gxf3 Rac8 18. Rfd1 Rd6 19. Bxf7+ Kh8 20. Rxd6 Qxd6
21. Rd1 Qf6 22. Qe6 1-0

[Event "Torneo FIDE"]
[Site "Taormina ITA"]
[Date "2002.11.22"]
[Round "9"]
[White "Cappadona, Salvatore"]
[Black "Bonani, Georg"]
[Result "1-0"]
[WhiteElo "2192"]
[BlackElo "1743"]
[PlyCount "69"]
[EventDate "2002.11.15"]

1. Nf3 Nf6 2. b3 g6 3. Bb2 Bg7 4. g3 O-O 5. c4 d6 6. d4 Nc6 7. d5 Nb4 8. a3 Na6
9. b4 e5 10. dxe6 fxe6 11. Bg2 e5 12. O-O Nb8 13. Nbd2 Nc6 14. Qb3 Kh8 15. Rad1
Qe8 16. b5 Nd8 17. Ng5 h6 18. Nge4 Bf5 19. Nxf6 Bxf6 20. Ne4 Bg7 21. Nc3 Ne6
22. Nd5 Nc5 23. Qa2 Qf7 24. Nc3 Rab8 25. e4 Be6 26. Nd5 c6 27. bxc6 bxc6 28.
Ne3 Rfd8 29. Bc3 Na4 30. Qc2 Nxc3 31. Qxc3 Qb7 32. c5 Qb3 33. Qa5 Bf8 34. cxd6
Bxd6 35. Rxd6 1-0

[Event "Torneo FIDE"]
[Site "Taormina ITA"]
[Date "2002.11.22"]
[Round "9"]
[White "Fabiano, Giuseppe"]
[Black "Ljubisavljevic, Zivojin Z."]
[Result "1-0"]
[WhiteElo "2278"]
[BlackElo "2288"]
[PlyCount "69"]
[EventDate "2002.11.15"]

1. e4 c6 2. d4 d5 3. Nd2 dxe4 4. Nxe4 Nf6 5. Nxf6+ gxf6 6. g3 e5 7. Be3 Be6 8.
Nf3 Nd7 9. Bg2 Be7 10. O-O h5 11. b3 h4 12. Nxh4 Qc7 13. c4 exd4 14. Qxd4 c5
15. Qe4 O-O-O 16. Nf5 Ne5 17. Nxe7+ Qxe7 18. Bxc5 Qc7 19. Bxa7 f5 20. Qe3 Ng4
21. Qb6 Nxh2 22. Rfd1 Ng4 23. c5 Rdg8 24. Rd6 Ne5 25. Rxe6 fxe6 26. Qxe6+ Nd7
27. Bb6 Re8 28. Qxf5 Qe5 29. Bxb7+ Kb8 30. Qxe5+ Rxe5 31. Bg2 Nxc5 32. b4 Ne6
33. a4 Re8 34. Bc6 Re7 35. Rd1 1-0

[Event "Torneo FIDE"]
[Site "Taormina ITA"]
[Date "2002.11.22"]
[Round "9"]
[White "Ortega, Lexy"]
[Black "Garcia Castro, Pablo"]
[Result "1-0"]
[WhiteElo "2452"]
[BlackElo "2330"]
[PlyCount "77"]
[EventDate "2002.11.15"]

1. d4 d5 2. c4 Nc6 3. Nc3 e6 4. Nf3 Bb4 5. e3 a6 6. Qc2 Nf6 7. Bd3 O-O 8. O-O
Ne7 9. Ne2 c6 10. c5 Ba5 11. b4 Bxb4 12. Ne5 Ba5 13. f4 g6 14. g4 Bc7 15. h3
Ne8 16. Rb1 f6 17. Nf3 Ng7 18. Bd2 Rb8 19. Rb3 Kh8 20. Nc3 Ng8 21. Na4 Nh6 22.
Be1 Nf7 23. Bg3 f5 24. Bh4 Qe8 25. Bf6 fxg4 26. hxg4 Nh6 27. Be5 Bd8 28. Qg2
Nf7 29. Nb6 Bxb6 30. Rxb6 Nxe5 31. Nxe5 Rf6 32. Rf3 Kg8 33. Rh3 Qe7 34. Qh2 Ne8
35. Bxg6 Rxg6 36. Nxg6 hxg6 37. Rh8+ Kf7 38. Qh7+ Ng7 39. Qg8+ 1-0

[Event "Torneo FIDE"]
[Site "Taormina ITA"]
[Date "2002.11.22"]
[Round "9"]
[White "Pircher, Karl"]
[Black "Isonzo, David"]
[Result "1/2-1/2"]
[WhiteElo "2058"]
[BlackElo "2338"]
[PlyCount "54"]
[EventDate "2002.11.15"]

1. d4 Nf6 2. c4 g6 3. Nc3 Bg7 4. e4 d6 5. Nf3 O-O 6. Be2 e5 7. O-O Na6 8. Be3
Ng4 9. Bg5 Qe8 10. h3 f6 11. Bc1 Nh6 12. Be3 Nf7 13. dxe5 dxe5 14. Ne1 c6 15.
Nd3 f5 16. f3 f4 17. Bf2 Bf6 18. Qa4 Qe7 19. Kh1 Bh4 20. Bg1 Bg3 21. Rfd1 Be6
22. Rd2 Rfd8 23. Rad1 Rd7 24. Bf1 g5 25. Ne2 Bh4 26. Qc2 h5 27. Qc3 Qf6 1/2-1/2

[Event "Torneo FIDE"]
[Site "Taormina ITA"]
[Date "2002.11.22"]
[Round "9"]
[White "Rodriguez Boado, Martin"]
[Black "Tomescu, Vlad"]
[Result "0-1"]
[WhiteElo "2179"]
[BlackElo "2432"]
[PlyCount "62"]
[EventDate "2002.11.15"]

1. e4 c5 2. Nf3 Nc6 3. c3 d5 4. exd5 Qxd5 5. d4 Nf6 6. Be3 cxd4 7. cxd4 e6 8.
Nc3 Qd8 9. Be2 Be7 10. O-O O-O 11. Ne5 Nb4 12. Bf3 Nbd5 13. Qb3 Nxe3 14. fxe3
Bd6 15. Nc4 a6 16. a4 Rb8 17. e4 Bc7 18. Rfd1 b5 19. axb5 axb5 20. Nxb5 Qd7 21.
Nca3 Ba6 22. e5 Bxb5 23. exf6 Ba4 24. Qe3 Bxd1 25. fxg7 Rfd8 26. Rxd1 Rxb2 27.
Be4 f5 28. Qc3 Rbb8 29. Bc2 Qd6 30. g3 Rb4 31. Qd3 Rxd4 0-1

[Event "Torneo FIDE"]
[Site "Taormina ITA"]
[Date "2002.11.23"]
[Round "10"]
[White "Bonani, Georg"]
[Black "Fabiano, Giuseppe"]
[Result "0-1"]
[WhiteElo "1743"]
[BlackElo "2278"]
[PlyCount "54"]
[EventDate "2002.11.15"]

1. e4 c5 2. Nf3 d6 3. d4 cxd4 4. Nxd4 Nf6 5. Nc3 a6 6. Bg5 e6 7. f4 h6 8. Bh4
Be7 9. Be2 Nxe4 10. Bxe7 Nxc3 11. Bxd8 Nxd1 12. Bc7 Nxb2 13. Bxd6 Na4 14. Bf3
Nd7 15. Rb1 Ndc5 16. Nc6 Nc3 17. Rb4 Nd5 18. Bxd5 exd5 19. Ne5 Ne4 20. Bc7 O-O
21. O-O b5 22. a4 f6 23. Nc6 Rf7 24. Bb6 Bd7 25. axb5 axb5 26. Nd4 Ra6 27. Bd8
Rf8 0-1

[Event "Torneo FIDE"]
[Site "Taormina ITA"]
[Date "2002.11.23"]
[Round "10"]
[White "Garcia Castro, Pablo"]
[Black "Aleksic, Nenad"]
[Result "1/2-1/2"]
[WhiteElo "2330"]
[BlackElo "2385"]
[PlyCount "64"]
[EventDate "2002.11.15"]

1. e4 c5 2. Nc3 e6 3. g3 Nc6 4. Bg2 Nf6 5. d3 Be7 6. Nh3 O-O 7. O-O Rb8 8. g4
b5 9. g5 Ne8 10. f4 b4 11. Ne2 f6 12. Be3 Nc7 13. Qe1 fxg5 14. fxg5 Rxf1+ 15.
Qxf1 e5 16. Qf3 d6 17. Qg3 Qe8 18. Bf3 Ne6 19. Bg4 Ncd4 20. Nxd4 Nxd4 21. Bxd4
cxd4 22. Rf1 Bxg4 23. Qxg4 Qc8 24. Qf3 Qe6 25. b3 a5 26. Qf5 Qxf5 27. Rxf5 a4
28. Kg2 axb3 29. axb3 Ra8 30. Kg3 Ra1 31. Kg4 g6 32. Rf2 Kg7 1/2-1/2

[Event "Torneo FIDE"]
[Site "Taormina ITA"]
[Date "2002.11.23"]
[Round "10"]
[White "Isonzo, David"]
[Black "Rodriguez Boado, Martin"]
[Result "1-0"]
[WhiteElo "2338"]
[BlackElo "2179"]
[PlyCount "68"]
[EventDate "2002.11.15"]

1. e4 Nf6 2. e5 Nd5 3. d4 d6 4. Nf3 g6 5. Bc4 c6 6. exd6 Qxd6 7. O-O Bg7 8. Re1
O-O 9. Bg5 Be6 10. Bb3 b5 11. Nbd2 Nd7 12. Ne4 Qb8 13. c3 Re8 14. Bh4 Nc7 15.
Bg3 Bd5 16. a4 bxa4 17. Bxa4 Qb6 18. Qc2 Ne6 19. Neg5 Ndf8 20. Nxe6 Nxe6 21.
Ne5 Red8 22. Rad1 c5 23. Nd7 Qb7 24. dxc5 Bxg2 25. Qb3 Rac8 26. Rxe6 fxe6 27.
Qxe6+ Kh8 28. Be5 Qf3 29. Bxg7+ Kxg7 30. Qxe7+ Kh6 31. Qh4+ Kg7 32. Qd4+ Kh6
33. Rd3 Qe4 34. Rh3+ Bxh3 1-0

[Event "Torneo FIDE"]
[Site "Taormina ITA"]
[Date "2002.11.23"]
[Round "10"]
[White "Ortega, Lexy"]
[Black "Pircher, Karl"]
[Result "1-0"]
[WhiteElo "2452"]
[BlackElo "2058"]
[PlyCount "53"]
[EventDate "2002.11.15"]

1. d4 d5 2. c4 e6 3. Nc3 Be7 4. Nf3 Nf6 5. Bf4 O-O 6. e3 c5 7. dxc5 Bxc5 8.
cxd5 exd5 9. Be2 Nc6 10. O-O a6 11. Ne5 Be6 12. Nxc6 bxc6 13. Rc1 Bd6 14. Bxd6
Qxd6 15. Na4 Rfb8 16. b3 Nd7 17. Qc2 Rc8 18. Rfd1 c5 19. h3 Qe5 20. Qd2 h6 21.
Bf3 Ra7 22. Bxd5 Rac7 23. Bxe6 Qxe6 24. Qd6 Qe4 25. Nc3 Qa8 26. Nd5 Rc6 27.
Ne7+ 1-0

[Event "Torneo FIDE"]
[Site "Taormina ITA"]
[Date "2002.11.23"]
[Round "10"]
[White "Tomescu, Vlad"]
[Black "Cappadona, Salvatore"]
[Result "1/2-1/2"]
[WhiteElo "2432"]
[BlackElo "2192"]
[PlyCount "64"]
[EventDate "2002.11.15"]

1. e4 d6 2. d4 Nf6 3. f3 g6 4. c4 Bg7 5. Be3 c6 6. Nc3 Qa5 7. Bd3 Nbd7 8. Nge2
e5 9. d5 O-O 10. a3 Nh5 11. O-O Qd8 12. Qd2 Nc5 13. Bc2 Na6 14. dxc6 bxc6 15.
Rfd1 Nf4 16. Qxd6 Qg5 17. Nxf4 exf4 18. Bxf4 Qa5 19. Qxc6 Be6 20. b4 Nxb4 21.
axb4 Qxb4 22. Nd5 Bxd5 23. exd5 Bxa1 24. Bd6 Bd4+ 25. Kf1 Qc3 26. Bxf8 Rxf8 27.
Rd3 Qa1+ 28. Rd1 Qc3 29. Rd3 Qa1+ 30. Rd1 Qc3 31. Rd3 Qa1+ 32. Rd1 Qc3 1/2-1/2

[Event "Torneo FIDE"]
[Site "Taormina ITA"]
[Date "2002.11.24"]
[Round "11"]
[White "Aleksic, Nenad"]
[Black "Ljubisavljevic, Zivojin Z."]
[Result "1-0"]
[WhiteElo "2385"]
[BlackElo "2288"]
[PlyCount "75"]
[EventDate "2002.11.15"]

1. e4 c5 2. Nf3 Nc6 3. d4 cxd4 4. Nxd4 Nf6 5. Nc3 e5 6. Ndb5 d6 7. Bg5 a6 8.
Na3 b5 9. Bxf6 Qxf6 10. Nd5 Qd8 11. c4 b4 12. Qa4 Bd7 13. Nb5 axb5 14. Qxa8
Qxa8 15. Nc7+ Kd8 16. Nxa8 Nd4 17. Rc1 b3 18. axb3 d5 19. cxd5 Bb4+ 20. Kd1
Nxb3 21. Nb6 Nxc1 22. Nxd7 Kxd7 23. Bxb5+ Kd6 24. Kxc1 Rb8 25. Bc6 Bc5 26. Kc2
Bd4 27. b3 Bxf2 28. Rf1 Bh4 29. Rxf7 Bf6 30. Kc3 Kc5 31. Ra7 Kb6 32. Rd7 Kc5
33. Ba4 Rc8 34. b4+ Kb6+ 35. Bc6 h5 36. Rb7+ Ka6 37. Kb3 Bd8 38. Ka4 1-0

[Event "Torneo FIDE"]
[Site "Taormina ITA"]
[Date "2002.11.24"]
[Round "11"]
[White "Bonaccorsi, Fabrizio"]
[Black "Bonani, Georg"]
[Result "1-0"]
[WhiteElo "2170"]
[BlackElo "1743"]
[PlyCount "53"]
[EventDate "2002.11.15"]

1. Nf3 Nf6 2. g3 g6 3. Bg2 Bg7 4. O-O O-O 5. c4 d6 6. d4 Nc6 7. Nc3 e5 8. d5
Ne7 9. e4 a5 10. Rb1 Nd7 11. a3 Nb6 12. b3 Bd7 13. Be3 f5 14. Ng5 f4 15. Bxb6
cxb6 16. Nb5 Nc8 17. Ne6 Qe7 18. Nbc7 Bxe6 19. Nxe6 Rf7 20. b4 axb4 21. axb4 b5
22. c5 fxg3 23. hxg3 Bh6 24. Ra1 Rb8 25. Qe2 Qe8 26. Rfd1 Qd7 27. Bf1 1-0

[Event "Torneo FIDE"]
[Site "Taormina ITA"]
[Date "2002.11.24"]
[Round "11"]
[White "Cappadona, Salvatore"]
[Black "Isonzo, David"]
[Result "1/2-1/2"]
[WhiteElo "2192"]
[BlackElo "2338"]
[PlyCount "26"]
[EventDate "2002.11.15"]

1. Nf3 Nf6 2. b3 g6 3. Bb2 Bg7 4. g3 O-O 5. Bg2 d5 6. c4 c6 7. O-O Nbd7 8. Qc2
b6 9. d3 Bb7 10. Nbd2 c5 11. cxd5 Nxd5 12. Bxg7 Kxg7 13. Rac1 Rc8 1/2-1/2

[Event "Torneo FIDE"]
[Site "Taormina ITA"]
[Date "2002.11.24"]
[Round "11"]
[White "Fabiano, Giuseppe"]
[Black "Tomescu, Vlad"]
[Result "0-1"]
[WhiteElo "2278"]
[BlackElo "2432"]
[PlyCount "70"]
[EventDate "2002.11.15"]

1. e4 c5 2. Nf3 Nc6 3. d4 cxd4 4. Nxd4 Nf6 5. Nc3 d6 6. Nb3 a6 7. Be2 e6 8. a4
b6 9. O-O Bb7 10. f4 Be7 11. Bf3 O-O 12. Qe2 Qc7 13. g4 Na5 14. Nxa5 bxa5 15.
g5 Nd7 16. Bg2 Rfe8 17. Rd1 Bf8 18. Be3 Rab8 19. Bf2 g6 20. Rd3 Nc5 21. Rh3 Bg7
22. Re1 Nd7 23. Qd2 Ba8 24. b3 Rec8 25. Ree3 Nc5 26. Reg3 Rb4 27. Qe2 Nd7 28.
Qxa6 f5 29. Nb5 Qxc2 30. Nxd6 Qd1+ 31. Bf1 Rcb8 32. Nb5 Nf8 33. Rd3 Qg4+ 34.
Rhg3 Qxf4 35. exf5 gxf5 0-1

[Event "Torneo FIDE"]
[Site "Taormina ITA"]
[Date "2002.11.24"]
[Round "11"]
[White "Pircher, Karl"]
[Black "Garcia Castro, Pablo"]
[Result "0-1"]
[WhiteElo "2058"]
[BlackElo "2330"]
[PlyCount "126"]
[EventDate "2002.11.15"]

1. d4 Nf6 2. c4 e5 3. dxe5 Ne4 4. Nf3 Bb4+ 5. Nbd2 Nc6 6. g3 Qe7 7. a3 Nxd2 8.
Nxd2 Nxe5 9. Qb3 Ba5 10. Bg2 c6 11. O-O O-O 12. Qc2 d6 13. b3 Bg4 14. Nf3 Rfe8
15. Bb2 Nxf3+ 16. exf3 Bf5 17. b4 Bc7 18. Qc3 Qe5 19. Rfe1 Qxc3 20. Bxc3 f6 21.
Bd4 Kf7 22. Bf1 a6 23. Re3 d5 24. c5 Bg6 25. Rae1 Kf8 26. Kg2 Bc2 27. h4 Rxe3
28. fxe3 Kf7 29. Kf2 g6 30. Rc1 Ba4 31. Bd3 Bb5 32. Bb1 a5 33. Rc3 axb4 34.
axb4 Bc4 35. Rc2 Ke6 36. f4 Bd3 37. Ra2 Rxa2+ 38. Bxa2 h5 39. Bb3 Kf5 40. Bd1
Bd8 41. Bf3 Bc4 42. Ke1 Ke6 43. Kd2 f5 44. Kc3 Kd7 45. Bd1 Kc8 46. Bc2 Be2 47.
Be5 b6 48. Kd4 Kd7 49. Ba4 bxc5+ 50. Kxc5 Be7+ 51. Kb6 Bxb4 52. Bxc6+ Ke6 53.
Be8 Be1 54. Bxg6 Bxg3 55. Bh7 Bxh4 56. Bg8+ Ke7 57. Bxd5 Bf2 58. Bd4 Bf1 59.
Bc5+ Kf6 60. Kc6 h4 61. e4 Bxc5 62. e5+ Ke7 63. Kxc5 h3 0-1

[Event "V Weekend A"]
[Site "Porto Sant'Elpidio ITA"]
[Date "2002.11.02"]
[Round "1"]
[White "Bontempi, Piero"]
[Black "Villani, Cristian"]
[Result "1-0"]
[WhiteElo "2316"]
[BlackElo "1756"]
[PlyCount "61"]
[EventDate "2002.11.02"]

1. e4 a6 2. d4 b5 3. Nf3 Bb7 4. Bd3 Nf6 5. Qe2 e6 6. O-O c5 7. c3 Nc6 8. Bg5 h6
9. Bh4 Qb6 10. d5 Ne7 11. d6 Ng6 12. Bg3 Nh5 13. e5 Ngf4 14. Qe3 Nxd3 15. Qxd3
g6 16. Nbd2 Bg7 17. Qe3 Qc6 18. Nb3 Nxg3 19. hxg3 Qe4 20. Qxc5 Rc8 21. Qb6 Bxe5
22. Nc5 Qc6 23. Qxb7 Bxd6 24. Qxc6 Rxc6 25. Ne4 Be7 26. a4 b4 27. cxb4 Bxb4 28.
Ne5 Rc7 29. Rac1 Rxc1 30. Rxc1 Ke7 31. Rc7 1-0

[Event "V Weekend A"]
[Site "Porto Sant'Elpidio ITA"]
[Date "2002.11.02"]
[Round "1"]
[White "Fioravanti, Diego"]
[Black "Giobbi, Costantino"]
[Result "1-0"]
[WhiteElo "1855"]
[BlackElo "1734"]
[PlyCount "125"]
[EventDate "2002.11.02"]

1. e4 c5 2. d4 cxd4 3. c3 d3 4. Bxd3 d6 5. Nf3 Nf6 6. O-O Nc6 7. Bf4 e5 8. Bg3
Be6 9. Qe2 Be7 10. Nbd2 O-O 11. Rfd1 Nh5 12. Nf1 g6 13. Bc4 Nxg3 14. hxg3 Bxc4
15. Qxc4 Qd7 16. Ne3 Kg7 17. Qd5 Qe6 18. Nc4 Rfd8 19. Rd2 Qg4 20. Rad1 a6 21.
Ne3 Qc8 22. Qb3 Bf8 23. Ng5 Qd7 24. Nc4 Qc7 25. Nxd6 Bxd6 26. Rxd6 Rxd6 27.
Rxd6 Qe7 28. f4 h6 29. f5 gxf5 30. exf5 Qxg5 31. f6+ Kg6 32. Qxb7 Rb8 33. Qxc6
Rxb2 34. Qf3 Rb1+ 35. Kh2 Qh5+ 36. Qxh5+ Kxh5 37. Rxa6 Rc1 38. Ra5 Rxc3 39.
Rxe5+ Kg6 40. Ra5 Kxf6 41. a4 Ra3 42. Kh3 Ra2 43. g4 Kg6 44. g3 Kg7 45. Ra6 f6
46. a5 Kg6 47. Ra8 h5 48. gxh5+ Kxh5 49. a6 Kg5 50. a7 Kf5 51. g4+ Kf4 52. g5
Ra3+ 53. Kg2 Ra2+ 54. Kf1 Kf3 55. Ke1 Ra1+ 56. Kd2 Ra2+ 57. Kd3 Ra3+ 58. Kd4
Ra4+ 59. Kd5 Ra5+ 60. Ke6 Ra6+ 61. Kf5 fxg5 62. Kxg5 Ra5+ 63. Kh4 1-0

[Event "V Weekend A"]
[Site "Porto Sant'Elpidio ITA"]
[Date "2002.11.02"]
[Round "1"]
[White "Fioravanti, Emidio"]
[Black "Di Martino, Antonio"]
[Result "1/2-1/2"]
[WhiteElo "1774"]
[BlackElo "1722"]
[PlyCount "118"]
[EventDate "2002.11.02"]

1. e4 e6 2. d4 d5 3. e5 c5 4. c3 Nc6 5. Nf3 Bd7 6. Be2 Rc8 7. O-O Nge7 8. Bg5
Qb6 9. Qd2 cxd4 10. cxd4 Nf5 11. Be3 Bb4 12. Qd3 O-O 13. a3 Be7 14. b4 a6 15.
Nbd2 Nxb4 16. Qb3 Bb5 17. Bxb5 Qxb5 18. axb4 Qxb4 19. Qxb4 Bxb4 20. Rab1 a5 21.
Nb3 Nxe3 22. fxe3 Rc3 23. Kf2 Rc2+ 24. Kg3 Re2 25. Nc5 Rb8 26. Rb3 h6 27. Rf2
Rxf2 28. Kxf2 g5 29. Ne1 b5 30. Na6 Bxe1+ 31. Kxe1 Rb6 32. Nc5 b4 33. Kd2 Rb5
34. g4 Kf8 35. Kc2 Ke7 36. Rb1 Rb8 37. Kb3 Rh8 38. Ka4 h5 39. gxh5 Rxh5 40. Rb2
Rh3 41. Re2 f6 42. exf6+ Kxf6 43. Kxa5 b3 44. Nxb3 e5 45. Kb4 exd4 46. exd4 Rf3
47. Re5 Rf2 48. h4 gxh4 49. Rh5 Rf4 50. Kc5 Kg6 51. Rh8 Kg5 52. Kxd5 Kg4 53.
Ke5 Rf5+ 54. Ke4 Rf4+ 55. Kd3 Rf3+ 56. Kc4 h3 57. d5 Rf4+ 58. Nd4 Kg3 59. d6
Rf6 1/2-1/2

[Event "V Weekend A"]
[Site "Porto Sant'Elpidio ITA"]
[Date "2002.11.02"]
[Round "1"]
[White "Gaoni, Vincenzo"]
[Black "Miandro, Roberto"]
[Result "0-1"]
[WhiteElo "1749"]
[BlackElo "1906"]
[PlyCount "118"]
[EventDate "2002.11.02"]

1. e4 c5 2. Nf3 d6 3. d4 cxd4 4. Qxd4 a6 5. c4 Nc6 6. Qd2 g6 7. b3 Bg7 8. Bb2
Nf6 9. Nc3 O-O 10. Be2 Be6 11. O-O h6 12. Rab1 Kh7 13. h3 Nd7 14. Nd5 Bxb2 15.
Rxb2 Rc8 16. Nd4 Bxd5 17. exd5 Nxd4 18. Qxd4 Nf6 19. f4 Qc7 20. b4 b6 21. f5 g5
22. h4 Rg8 23. Rb3 g4 24. Rc3 h5 25. Rfc1 Qb7 26. Qd3 Rc7 27. c5 bxc5 28. bxc5
dxc5 29. Rxc5 Rxc5 30. Rxc5 Qb6 31. Qd4 Qb1+ 32. Qd1 Qb6 33. Qd4 Rd8 34. Rc4
Qb1+ 35. Qd1 Qxd1+ 36. Bxd1 Rxd5 37. Bb3 Kg7 38. Rc7 Re5 39. Kh2 a5 40. Kg3
Rxf5 41. Rxe7 Nd5 42. Re2 Nc3 43. Re3 Nb5 44. Rd3 Nc7 45. Rd2 Ne6 46. Rd5 Rxd5
47. Bxd5 Kf6 48. Kf2 Nf4 49. Bb3 Nd3+ 50. Ke3 Nc5 51. Bc4 Ne6 52. Kd2 Ke5 53.
Ke3 Nf4 54. g3 Nd5+ 55. Kd3 f5 56. Ke2 Nf6 57. Bf7 Ne4 58. Ke1 Nxg3 59. Kf2 f4
0-1

[Event "V Weekend A"]
[Site "Porto Sant'Elpidio ITA"]
[Date "2002.11.02"]
[Round "1"]
[White "Guglielmi, Dante"]
[Black "Tacconelli, Valentino"]
[Result "1-0"]
[WhiteElo "1711"]
[BlackElo "1774"]
[PlyCount "121"]
[EventDate "2002.11.02"]

1. c4 Nf6 2. g3 g6 3. Bg2 Bg7 4. e3 d5 5. cxd5 Nxd5 6. Nc3 Nxc3 7. bxc3 O-O 8.
Ne2 c5 9. d4 Nc6 10. O-O Bf5 11. Ba3 cxd4 12. Nxd4 Bd7 13. Rb1 Qc7 14. Nxc6
Bxc6 15. Bxc6 bxc6 16. Qa4 Rfd8 17. Rfd1 Bf6 18. Qc4 Rac8 19. Bc5 Rd5 20. Bd4
Rcd8 21. e4 R5d7 22. Qa4 e5 23. Bc5 Kg7 24. Rxd7 Rxd7 25. Rd1 Rxd1+ 26. Qxd1 g5
27. Qa4 a5 28. Qa3 Qd8 29. Bd6 Qb6 30. Qb3 Qd8 31. Qb8 Qxb8 32. Bxb8 a4 33. Kf1
Kf8 34. Ke2 Ke7 35. Kd3 Ke6 36. Kc4 Be7 37. Ba7 Ba3 38. g4 Kd6 39. Bb6 Kd7 40.
Bc5 Bc1 41. Be3 Ba3 42. Bxg5 Kc7 43. Be3 Kd7 44. Bc5 Bc1 45. Kb4 Bd2 46. Be3
Be1 47. f3 Kd6 48. Bb6 Bd2 49. Ba5 c5+ 50. Kxa4 Kc6 51. c4 Bf4 52. h3 Bg3 53.
Bc3 Bf4 54. Ka5 Bg3 55. Ka6 Bf4 56. Ka7 Kc7 57. a4 f6 58. a5 Bh6 59. a6 Bf8 60.
Ba5+ Kc6 61. Bd8 1-0

[Event "V Weekend A"]
[Site "Porto Sant'Elpidio ITA"]
[Date "2002.11.02"]
[Round "1"]
[White "Santurbano, Maria Vincenza"]
[Black "Di Donatantonio, Franco"]
[Result "0-1"]
[WhiteElo "1731"]
[BlackElo "1843"]
[PlyCount "153"]
[EventDate "2002.11.02"]

1. e4 c5 2. Nf3 e6 3. d4 cxd4 4. Nxd4 Nc6 5. c4 Qc7 6. Nb5 Qb8 7. Be3 a6 8.
N5c3 Nf6 9. a3 Be7 10. Nd2 O-O 11. Be2 d6 12. O-O b6 13. Rc1 Nd7 14. Qc2 Bb7
15. Nf3 Bd8 16. Rfd1 Nce5 17. Nd4 Nc6 18. b4 Bc7 19. Nf3 Nde5 20. Ne1 Rc8 21.
f4 Ng6 22. Nf3 Bd8 23. Qb3 Nce7 24. Bd3 d5 25. cxd5 exd5 26. e5 Bc7 27. Na4 d4
28. Nxd4 Bd5 29. Qb2 Qb7 30. Nc3 b5 31. Nxd5 Nxd5 32. Be4 Bb6 33. Nf5 Nxe3 34.
Bxb7 Nxd1+ 35. Kf1 Nxb2 36. Rxc8+ Rxc8 37. Bxc8 a5 38. g3 axb4 39. axb4 Nd3 40.
Bd7 Nxb4 41. Bxb5 Kf8 42. Bc4 Bc5 43. Ke2 Ne7 44. Ne3 Bxe3 45. Kxe3 Ke8 46. Kd4
Nc2+ 47. Kc5 Ne1 48. Bb5+ Kf8 49. g4 Nf3 50. h3 Ng6 51. Kd5 Ng1 52. f5 Ne7+ 53.
Ke4 Nxh3 54. Kf3 Ng5+ 55. Kf4 h6 56. Bc4 Nc6 57. Bb5 Nd4 58. Bc4 Ke7 59. Ba6
Nc6 60. Bf1 Nd8 61. Bb5 f6 62. e6 Ndxe6+ 63. fxe6 Nxe6+ 64. Ke4 g6 65. Bc4 Nc5+
66. Kf4 Nd7 67. Bd3 Ne5 68. Bc2 Kf8 69. Bb3 Ke7 70. Bc2 Kf7 71. Bb3+ Kg7 72.
Bc2 Nc4 73. Bd3 Ne5 74. Bc2 Nc6 75. Be4 Nd4 76. Bd3 Ne6+ 77. Kf3 0-1

[Event "V Weekend A"]
[Site "Porto Sant'Elpidio ITA"]
[Date "2002.11.03"]
[Round "2"]
[White "Bruno, Fabio"]
[Black "Guglielmi, Dante"]
[Result "1-0"]
[WhiteElo "2309"]
[BlackElo "1711"]
[PlyCount "71"]
[EventDate "2002.11.02"]

1. d4 d5 2. Nf3 Nf6 3. Bf4 e6 4. e3 Be7 5. Nbd2 Nbd7 6. Bd3 b6 7. Ne5 Bb7 8.
Qf3 c5 9. c3 cxd4 10. exd4 Qc8 11. O-O-O a5 12. Kb1 a4 13. Rc1 Bc6 14. g4 Nxe5
15. Bxe5 Qb7 16. Rhe1 Kf8 17. Bg3 Ke8 18. Qe2 Ra5 19. f4 Kd8 20. g5 Nd7 21. h4
Bd6 22. Qh2 Qb8 23. h5 b5 24. Nf3 Nb6 25. Ne5 Be8 26. f5 Bc7 27. fxe6 fxe6 28.
Qh3 Qc8 29. Qh4 Bd6 30. g6+ Be7 31. h6 Bxg6 32. hxg7 Rg8 33. Nxg6 Bxh4 34.
Bxh4+ Kc7 35. Ne7 Qe8 36. Rxe6 1-0

[Event "V Weekend A"]
[Site "Porto Sant'Elpidio ITA"]
[Date "2002.11.03"]
[Round "2"]
[White "Di Donatantonio, Franco"]
[Black "Bontempi, Piero"]
[Result "0-1"]
[WhiteElo "1843"]
[BlackElo "2316"]
[PlyCount "46"]
[EventDate "2002.11.02"]

1. e4 c5 2. Nf3 d6 3. Bb5+ Nd7 4. O-O Ngf6 5. Re1 g6 6. c3 Bg7 7. d4 O-O 8. e5
dxe5 9. dxe5 Ng4 10. e6 fxe6 11. Rxe6 Nde5 12. Qb3 Bxe6 13. Qxe6+ Kh8 14. Nbd2
Nxf3+ 15. Nxf3 Qd1+ 16. Bf1 Rxf3 17. Qxg4 Rd3 18. Qe4 Rd5 19. Bh6 Qxa1 20.
Bxg7+ Kxg7 21. Qxd5 Qe1 22. g3 Rf8 23. Qxc5 b6 0-1

[Event "V Weekend A"]
[Site "Porto Sant'Elpidio ITA"]
[Date "2002.11.03"]
[Round "2"]
[White "Giobbi, Costantino"]
[Black "Gaoni, Vincenzo"]
[Result "1/2-1/2"]
[WhiteElo "1734"]
[BlackElo "1749"]
[PlyCount "110"]
[EventDate "2002.11.02"]

1. Nf3 d5 2. d4 Bf5 3. Bf4 c6 4. e3 Qb6 5. Qc1 Nd7 6. Nbd2 Ngf6 7. c4 e6 8. c5
Qd8 9. h3 h6 10. b4 Ne4 11. Nxe4 Bxe4 12. Be2 Be7 13. O-O f6 14. Nd2 Bh7 15.
Bh5+ g6 16. Be2 Kf7 17. Bxh6 g5 18. f4 Kg6 19. fxg5 fxg5 20. Bxg5 Bxg5 21. Nf3
Bh6 22. Qe1 Kg7 23. Qg3+ Bg6 24. Bd3 Bxe3+ 25. Kh1 Rh6 26. Rae1 Bf4 27. Qxf4
Bxd3 28. Ng5 Qf6 29. Nxe6+ Kh8 30. Qxf6+ Nxf6 31. Rf3 Be4 32. Rg3 Nh5 33. Rg5
Re8 34. Rf1 Bg6 35. Nf8 Bd3 36. Rf7 Ng7 37. Rgxg7 Rxf8 38. Rxb7 a6 39. Kh2 Rf4
40. Rgc7 Rg6 41. Rc8+ Rg8 42. Rxc6 Rgf8 43. Rh6+ Kg8 44. a4 Rf2 45. Rh4 R2f4
46. Rxf4 Rxf4 47. c6 Bf5 48. c7 Rxd4 49. Rb8+ Kf7 50. c8=Q Bxc8 51. Rxc8 Rxb4
52. Rd8 Ke6 53. a5 Rb5 54. h4 Rxa5 55. h5 d4 1/2-1/2

[Event "V Weekend A"]
[Site "Porto Sant'Elpidio ITA"]
[Date "2002.11.03"]
[Round "2"]
[White "Luciani, Valerio"]
[Black "Di Martino, Antonio"]
[Result "1-0"]
[WhiteElo "2152"]
[BlackElo "1722"]
[PlyCount "120"]
[EventDate "2002.11.02"]

1. e4 e6 2. d4 d5 3. Nc3 dxe4 4. Nxe4 Nd7 5. Nf3 Be7 6. Bd3 Ngf6 7. O-O O-O 8.
Qe2 b6 9. c4 Bb7 10. Rd1 Nxe4 11. Bxe4 Bxe4 12. Qxe4 Nf6 13. Qe2 c6 14. Bf4 Bd6
15. Ne5 Qc8 16. Qf3 c5 17. dxc5 Bxc5 18. Bg5 Be7 19. Nc6 Qb7 20. Nxe7+ Qxe7 21.
Bxf6 Qxf6 22. Qxf6 gxf6 23. Rd7 Rfd8 24. Rad1 Rxd7 25. Rxd7 Rc8 26. Rxa7 Rxc4
27. g3 Rc5 28. Rb7 Rc6 29. Kg2 e5 30. Kf3 f5 31. Ke3 Rd6 32. b4 Kg7 33. a4 Kg6
34. b5 f6 35. Ra7 Rd4 36. Ra6 f4+ 37. Kf3 fxg3 38. hxg3 Kf5 39. Rxb6 Rxa4 40.
Rb8 Rb4 41. b6 Rb3+ 42. Kg2 Ke6 43. b7 Kd7 44. Rf8 Rxb7 45. Rxf6 Ke7 46. Rh6
Kf8 47. Kf3 Rf7+ 48. Ke3 Re7 49. Ke4 Kg7 50. Rh5 Kf6 51. Rf5+ Kg6 52. Rxe5 Ra7
53. g4 Ra4+ 54. Kf3 Ra3+ 55. Kf4 Ra4+ 56. Re4 Ra5 57. Re6+ Kf7 58. Re5 Ra2 59.
f3 Kf6 60. Rb5 Ra4+ 1-0